Ako zvýšiť vitalitu, stabilitu a zlepšiť štruktúru lesných porastov?

Podrobná bibliografia
Hlavný autor: Voško, Milan (Autor)
Médium: Článok
Jazyk:slovenčina
ISSN:1336-0612
Predmet:

MARC

LEADER 00000nab a2200000 a 4500
001 vtls001518017
003 SK-MaSNL
005 20260304172841.0
008 250526c2004 xo mr|p|||||||000 b|slo
015 |a SNBRB2005/03  |2 snkbucl 
035 |a (uuid)9b128512-9404-429d-acdd-721dd726ae29 
035 |a urn:nbn:sk:snk-ab27ox 
035 |a (urnnbn)urn:nbn:sk:snk:ar-a01w4r 
038 |a SNKBUCL 
040 |a SNKBUCL  |b slo  |c SNKBUCL  |e AACR2 
041 0 |a slo 
044 |a xo  |c SK 
080 |a 630*236  |2 UDC-MRF-SK2 
100 1 |a Voško, Milan  |4 aut  |9 640042 
245 1 0 |a Ako zvýšiť vitalitu, stabilitu a zlepšiť štruktúru lesných porastov?  |c Milan Voško 
650 0 7 |a lesné porasty  |2 snkbucl  |9 67666 
650 0 7 |a pestovanie mladých lesných porastov  |2 snkbucl  |9 476246 
650 0 7 |a smrek  |2 snkbucl  |9 56948 
650 0 7 |a buk  |2 snkbucl  |9 377515 
773 0 |t Slovenské lesokruhy  |g Č. 11-12 (2004), s. 37-38  |x 1336-0612 
850 |a Slovenská národná knižnica 
852 |a Slovenská národná knižnica 
958 |a ONDV 
958 |a article27 
999 |c 3000348  |d 3002278